Paris vu du ciel (Record no. 70994)

000 -LEADER
fixed length control field 00418nam a22001697a 4500
003 - CONTROL NUMBER IDENTIFIER
control field NUST - PNEC
005 - DATE AND TIME OF LATEST TRANSACTION
control field 20170116181152.0
008 - FIXED-LENGTH DATA ELEMENTS--GENERAL INFORMATION
fixed length control field 151202b xxu||||| |||| 00| 0 eng d
020 ## - INTERNATIONAL STANDARD BOOK NUMBER
International Standard Book Number -
040 ## - CATALOGING SOURCE
Transcribing agency LIBRARY
082 ## - DEWEY DECIMAL CLASSIFICATION NUMBER
Classification number 770 BER
100 ## - MAIN ENTRY--PERSONAL NAME
9 (RLIN) 15510
Personal name Arthus-Bertrand, Yann
245 ## - TITLE STATEMENT
Title Paris vu du ciel
Statement of responsibility, etc. Bertrand, Yann Arthus-
260 ## - PUBLICATION, DISTRIBUTION, ETC.
Date of publication, distribution, etc. -
650 ## - SUBJECT ADDED ENTRY--TOPICAL TERM
9 (RLIN) 15511
Topical term or geographic name entry element France--Paris
General subdivision General
942 ## - ADDED ENTRY ELEMENTS (KOHA)
Source of classification or shelving scheme
Koha item type Book
Holdings
Withdrawn status Lost status Source of classification or shelving scheme Damaged status Not for loan Permanent Location Current Location Shelving location Date acquired Source of acquisition Total Checkouts Full call number Barcode Date last seen Price effective from Koha item type
          Pakistan Navy Engineering College (PNEC) Pakistan Navy Engineering College (PNEC)     Donated   770 BER PNECLIB-032257 12/02/2015   Book
© 2023 Central Library, National University of Sciences and Technology. All Rights Reserved.